000 00536nam a22001817a 4500
003 OSt
005 20250520062307.0
008 250519b |||||||| |||| 00| 0 eng d
020 _a9780198351757
040 _aKMU
_beng
_cKMU
_dKMU
_erda
050 _aQA135.6 D787
100 _aDrury, Helen
_eAuthor;
245 _aMastering Mathematics:
_bTeaching to transform achievement
260 _aOxford:
_bOxford University Press,
_c2015.
300 _a80 pages:
_bchiefly photos;
_c25 cm
650 _aMathematical Techniques
942 _2lcc
_cBK
_n0
999 _c1828
_d1828